Vista normal Vista MARC

Entrada Materia (personas)

Número de registros utilizados en: 1

001 - CONTROL NUMBER

  • control field: 71760

003 - CONTROL NUMBER IDENTIFIER

  • control field: Co-BoUCM

005 - DATE AND TIME OF LATEST TRANSACTION

  • control field: 20150925143615.0

008 - FIXED-LENGTH DATA ELEMENTS

  • fixed length control field: 150925|| aca||aabn | a|a d

040 ## - CATALOGING SOURCE

  • Original cataloging agency: Co-BoUCM
  • Transcribing agency: Co-BoUCM

100 ## - HEADING--PERSONAL NAME

  • Personal name: Gréard, Octave
  • Dates associated with a name: 1828-1904

670 ## - SOURCE DATA FOUND

  • Source citation: Work cat.: (Co-BoUCM): Gréard, Octave 1828-1904, Éducation et Instruction, 1889